PREDBEŽNÁ ZPRÁVA O MAPOVANÍ V CENTRÁLNEJ ČASTI GEMERÍD MEDZI SMOLNÍKOM A DRNAVOU

Bibliographic Details
Main Author: Klinec, Albín, 1932- (Author)
Format: Article
Language:Slovak

MARC

LEADER 00000nab a2200000ua 4500
001 vtls010845414
003 SK-MaSNL
005 20260303140322.0
008 230218s1958 xo |||||||||||||||||slo|
035 |a (urnnbn)urn:nbn:sk:snk:ar-a074f2 
035 |a urn:nbn:sk:snk-ab671n 
035 |a (uuid)05348373-0aa6-4cb0-ba6f-8f7675ee9cb5 
040 |a SNKBUCL  |b slo  |c SNKBUCL  |e AACR2 
041 0 |a slo 
044 |a xo  |c SK 
100 1 |a Klinec, Albín,  |d 1932-  |4 aut  |9 41588 
245 1 0 |a PREDBEŽNÁ ZPRÁVA O MAPOVANÍ V CENTRÁLNEJ ČASTI GEMERÍD MEDZI SMOLNÍKOM A DRNAVOU  |c Albín Klinec 
773 0 |t Geologické práce : správy  |g Roč. 13, č. 13 (1958), s. 126-131 
954 |a odborná, vedecká literatúra pôvodná (slovenská)  |2 lita 
958 |a OND 
958 |a EUIPO 
958 |a article5 
999 |c 1971221  |d 1973151